Нормален изглед
MARC изглед
- Хинков, Божидар
Вход 01. Лично име
001 - Контролен номер на записа
- Контролно поле: 434614
003 - Код на организацията, даваща контролен номер
- Контролно поле: BLK
005 - Дата и час на последна промяна на записа
- Контролно поле: 20200929111811.0
008 - Данни с фиксирана дължина – обща информация
- Данни с фиксирана дължина : 200929|| aca||aabn | a|a d
100 ## - ИМЕ НА ЛИЦЕ -ПЪРВИЧНА ИНТЕЛЕКТУАЛНА ОТГОВОРНОСТ
- Лично име: Хинков, Божидар
942 ## - Системна служебна употреба
- Koha auth type: PERSO_NAME